000 01014nas a2200325 4500
001 BR2016001891
003 BR-BrBNA
005 20231205130324.0
007 ta
008 230509b bl.|||p| |||| 00| 00por d
040 _aBR-BrBNA
_bpor
_cBiblioteca Nacional de Agricultura
041 _a(En)
072 _aL70; L73
100 1 _aHorn, R.V.
100 1 _aCardoso, W.M.
100 1 _aLopes, E.S.
100 1 _aTeixeira, R.S.C.
100 1 _aAlbuquerque, A.H.
100 1 _aRocha-e-Silva, R.C.
100 1 _aMachado, D.N.
100 1 _aBezerra, W.G.A.
245 1 _aIdentification and antimicrobial resistance of members from the enterobacteriaceae family isolated from canaries (Serinus canaria)
650 _aCANÁRIO
650 _aAVE ORNAMENTAL
650 _aBACTÉRIA
650 _aVETERINÁRIA
773 0 _tPesquisa Veterinária Brasileira (Brazil)
_xISSN 0100-736X
_g(Jun 2015), v. 35(6) p. 552-556
_wBR2016001891
909 _a202311
_bLúcia
_c55
_dLúcia Elande
942 _2AGRIS
_n0
_cANA
999 _c248842
_d248842